טוען...

Gems of Buddhist wisdom

מידע ביבליוגרפי
מחבר ראשי: Buddhist Missionary Society
פורמט: Printed Book
שפה:English
יצא לאור: Malaysia Buddhist Missionary Society 1996
LEADER 00464nam a22001337a 4500
008 200730b ||||| |||| 00| 0 eng d
999 |c 23736  |d 23736 
082 |a 820  |b BUD/GE 
100 |a Buddhist Missionary Society 
245 |a Gems of Buddhist wisdom 
260 |a Malaysia  |b Buddhist Missionary Society  |c 1996 
300 |a 519p 
942 |2 ddc  |c BK 
952 |0 0  |1 0  |2 ddc  |4 0  |6 820_000000000000000_BUD_GE  |7 0  |9 24028  |a COVAS  |b COVAS  |d 2020-07-30  |o 820 BUD/GE  |p G198  |r 2020-07-30  |w 2020-07-30  |y BK